00707nam a2200181Ia 4500952010100000999001700101008004100118050002100159100003600180245010800216260003100324300003500355519000900390650003900399650003900438700004100477942000700518 00102lcc4070a22b22d2007-01-08l0oHN113 Z67 1979p11 001324r2023-07-18t1w2012-06-26yLB c69083d69083120626s1979 mx a 000 0 spa d aHN113 bZ67 1979 aZorrilla Arena, Santiagoeautor aIntroducción socioeconómica al panorama de México c/ Zorrilla Arena, Santiago: R. Rodas Carpizo aMéxicob: Limusac, 1979 a179 páginasb: ilustraciones a d  0aMÉXICOxCONDICIONES ECONÓMICAS 0aMÉXICOxCONDICIONES ECONÓMICAS aRodas Carpizo, Alejandro R. eautor  cLB